| 000 | 03431cam a2200409 i 4500 | ||
|---|---|---|---|
| 001 | 22025704 | ||
| 005 | 20251006133717.0 | ||
| 008 | 210506s2022 enk b 001 0 eng | ||
| 010 | _a 2021021223 | ||
| 020 |
_a9780367637286 _q(hardback) |
||
| 035 | _a22025704 | ||
| 040 |
_aDLC _beng _erda _cDLC _dDLC |
||
| 042 | _apcc | ||
| 043 | _aev----- | ||
| 050 | 0 | 0 |
_aHV1559.S34 _bA23 2022 |
| 082 | 0 | 0 |
_a305.9080948 _223 _bACC |
| 245 | 0 | 0 |
_aAccessibility denied. understanding inaccessibility and everyday resistance to inclusion for persons with disabilities / _cedited by Hanna Egard, Kristofer Hansson and David Wästerfors. |
| 264 | 1 |
_aLondon ; _aNew York : _bRoutledge Taylor & Francis Group, _c2022. |
|
| 300 |
_ax, 218 pages ; _c24 cm. |
||
| 336 |
_atext _btxt _2rdacontent |
||
| 337 |
_aunmediated _bn _2rdamedia |
||
| 338 |
_avolume _bnc _2rdacarrier |
||
| 490 | 0 | _aInterdisciplinary disability studies | |
| 504 | _aIncludes bibliographical references and index. | ||
| 520 |
_a"This book explores the societal resistance to accessibility for persons with disabilities, and tries to set an example of how to study exclusion in a time when numerous policies promise inclusion. With 11 chapters organised in three parts, the book takes a comprehensive approach to accessibility, covering transport and communication, knowledge and education, law and organisation. Topics within a wide cross-disciplinary field are covered, including disability studies, social work, sociology, ethnology, social anthropology, and history. The main example is Sweden, with its implementation of the United Nations Convention on the Rights of Persons with Disabilities within the context of the Nordic welfare state. By identifying and discussing persistent social and cultural conditions as well as recurring situations and interactions that nurture resistance to advancing accessibility, despite various strong laws promoting it, the book's conclusions are widely transferable. It argues for the value of alternating between methods, theoretical perspectives, and datasets to explore how new arenas, resources and technologies cause new accessibility concerns - and possibilities - for persons living with impairments. We need to be able to follow actors closely to uncover how they feel, act, and argue, but also to connect to wider discursive and institutional patterns and systems. This book will be of interest to scholars and students of disability studies, social work, sociology, ethnology, social anthropology, political science, and organization studies"-- _cProvided by publisher. |
||
| 650 | 0 |
_aPeople with disabilities _zScandinavia. _9130908 |
|
| 650 | 0 |
_aDiscrimination against people with disabilities _zScandinavia. _9130909 |
|
| 650 | 0 |
_aSociology of disability _zScandinavia. _9130910 |
|
| 650 | 0 |
_aSocial inclusion _zScandinavia. _9130911 |
|
| 700 | 1 |
_aEgard, Hanna, _eeditor. _9130912 |
|
| 700 | 1 |
_aHansson, Kristofer, _d1976- _eeditor. _9130913 |
|
| 700 | 1 |
_aWästerfors, David, _eeditor. _9130914 |
|
| 776 | 0 | 8 |
_iOnline version: _tAccessibility denied. understanding inaccessibility and everyday resistance to inclusion for persons with disabilities _dAbingdon, Oxon ; New York, NY : Routledge, 2022 _z9781003120452 _w(DLC) 2021021224 |
| 906 |
_a7 _bcbc _corignew _d1 _eecip _f20 _gy-gencatlg |
||
| 942 |
_2ddc _cBK |
||
| 999 |
_c615055 _d615055 |
||